000 01331cam a22003494a 4500
001 15030921
003 USPCAS-E
005 20180118181413.0
008 071002s2007 gw a b 001 0 eng
010 _a 2007280711
020 _a9783527406791 (alk. paper)
040 _aDLC
_cDLC
_dDLC
050 0 0 _aTK9145
_b.S73 2007
082 0 0 _a621.4831
_222
_bSTA-N 2007
100 1 _aStacey, Weston M.
245 1 0 _aNuclear reactor physics /
_cWeston M. Stacey.
250 _a2nd ed., completely rev. and enlarged.
260 _aWeinheim :
_bWiley-VCH,
_cc2007.
300 _axxviii, 706 p. :
_bill. ;
_c25 cm.
502 _a0
504 _aIncludes bibliographical references and index.
650 0 _aNuclear engineering.
650 0 _aNuclear reactors.
650 0 _aNuclear fission.
650 0 _aNuclear physics.
856 4 2 _3Contributor biographical information
_uhttp://www.loc.gov/catdir/enhancements/fy0814/2007280711-b.html
856 4 2 _3Publisher description
_uhttp://www.loc.gov/catdir/enhancements/fy0814/2007280711-d.html
856 4 1 _3Table of contents only
_uhttp://www.loc.gov/catdir/enhancements/fy0814/2007280711-t.html
906 _a7
_bcbc
_corigcop
_d2
_encip
_f20
_gy-gencatlg
942 _2ddc
_cBK
999 _c355772
_d355772